000 00941nam0a22003131 4500
001 v19\rc\1299247
005 20250618024221.0
035 _a(NLR Aleph) 004454320
090 _a4488078
_c4488078
100 _a20060306d1865 |||y0rusy50 ca
101 0 _arus
102 _aRU
105 _ay z |||a|
200 1 _aОтъезжее поле на медведей
_e(Охотничьи рассказы)
_f[Соч.] Е. Пракудина-Горского
210 _aМосква
_cтип. М. Смирновой
_d1865
215 _a132 с.
_d28
700 1 _aПракудин-Горский
_bЕ.
790 1 _aГорский
_bЕ.
801 0 _aRU
_bNLR
_gpsbo
801 0 _aRU
_bRuMoRGB
_2psbo
801 1 _aRU
_bProSoft-M
_2rusmarc
852 _aNLR
_j18.230.2.13
899 _aRuMoRGB
_jW 460/46
899 _aRuMoRGB
_jU 359/349
899 _aБАН
899 _aГПИБ
899 _aНБ СПбГУ
942 _cBOOK
980 _aNB